000 01126nam2a22002291 4500
001 rc\4923704
005 20250612204354.0
035 _a(NLR Aleph) 008842739
090 _a8353042
_c8353042
100 _a20130426d1966 |||y0rusy50 ca
101 0 _arus
102 _aRU
105 _aa z |||||
200 1 _aЭлектрическое и магнитное поля
210 _d1966
_aБ. м.
215 _a403 с., 1 л. табл.
_cчерт.
461 0 _1001rc\4923702
_12001#$aЛекции по курсу физики$eВып. 1$fКиевское высш. арт. инж. ордена Ленина Краснознам. училище им. С.М. Кирова$vВып. 2
_1700#1$aЯговдик$bВ.С.$gВсеволод Самойлович
_98353030
_aЯговдик, В.С.
_cКиев
_d1962
_fКиевское высш. арт. инж. ордена Ленина Краснознам. училище им. С.М. Кирова
_nБ. и.
_oВып. 1
_tЛекции по курсу физики
_vВып. 2
801 0 _aRU
_bNLR
_gpsbo
801 1 _aRU
_bELAR
_2rusmarc
852 _aNLR
_j50к/2880
942 _cBOOK
980 _aNB